Polen auf Bischofsstühlen in Ungarn zur Zeit Sigismunds von Luxemburg

Titel: Polen auf Bischofsstühlen in Ungarn zur Zeit Sigismunds von Luxemburg
Verfasser:
In: ˜Dasœ Zeitalter König Sigmunds in Ungarn und im Deutschen Reich, (2000), Seite 173-180
alle Artikel anzeigen
Veröffentlicht: 2000
Format: Aufsatz
Sprache: Deutsch
Kein Bild verfügbar
X
alg: 39252138
001A    $01999:11-11-16 
001B    $01999:17-05-21 $t20:33:37.000 
001D    $01999:11-11-16 
001U    $0utf8 
001X    $00 
002@    $0Aox 
003@    $0392521385 
007A    $0392521385 $aHEB 
007T    $0Herd37035 
010@    $ager 
011@    $a2000 
021A    $aPolen auf Bischofsstühlen in Ungarn zur Zeit Sigismunds von Luxemburg 
028A    $aSroka $dStanisław Andrzej 
031A    $h173-180 $j2000 
037A    $aBetr. Piotr Polak, Bischof von Nitra, Mikołaj, Bischof von Siebenbürgen, Scibor von Scibórz, Bischof von Erlau 
039B    $aIn $8--Aau--. Das @Zeitalter König Sigmunds in Ungarn und im Deutschen Reich. - Debrecen : Debrecen Univ. Press, 2000. - 218 S.. - ISBN 963-472-451-5 $x200000000000000827 $9100729169 
045F    $a200.94390902 $eDDC23BSB 
045F/01 $a200.9 
045F/03 $f0902 
045F/03 $g439 
045F/03 $g438 

lok: 39252138 78

exp: 39252138 78 1 #EPN
201B/01 $019-04-17 $t11:19:57.000 
201U/01 $0utf8 
203@/01 $0788619268 
208@/01 $a11-11-16 $be 
209A/01 $a/ $f000 $x00 
220C/01 $aTitelaufnehmer: ek 
244Z/01 $2Trx $#Ungari $#Vengrija $#Ungārija $#Ungarn $#Hungary $#Węgry $#Maďarsko $#Maďarsko $#Uhorsko $#Uhersko;Uhry $8--Trx--Magyarország $x01 $9391197150 
244Z/01 $2Trx $#Poola $#Lenkija $#Polija $#Polen Land $#Poland $#Lengyelország $#Poľsko $#Polsko $8--Trx--Polska$gkraj $x02 $9391345966 
244Z/01 $aGeschichte 1380-1430 $x03 
244Z/01 $2Trx $#Piotr Polonus $#Petr II $8--Trx--$PPetrus II. Polonus$Z-1405 $x04 $9390605638 
244Z/01 $2Trx $8--Trx--$PMiklós $x05 $9391040979 
244Z/01 $2Trx $#Ścibor ze Ściborzyc $#Stibořic Stibor $8--Trx--$PStibor von Stiborice$Z-1420 $x06 $9390953989 
244Z/01 $2Trx $#piiskopid, rooma-katolikud $#vyskupai, Romos katalikų $#Catholic bishops $#püspökök, római-katolikus $#biskupi rzymskokatoliccy $#biskupi rímsko-katolícki $#biskupové římsko-katoličtí $#Weihbischöfe $#bishops, auxiliary $#biskupi pomocniczy $8--Trx--Bischöfe, römisch-katholische $x07 $9391381849 
244Z/01 $2Trx $8--Trx--Einzelbeiträge $x08 $9391384570 
245Z/01 $a10.02.01 $x01 
247C/01 $82080>Marburg/Lahn, Herder-Institut, Forschungsbibliothek, Bibliographieportal $9336309341
LEADER 00000caa a22000002c 4500
001 392521385
003 DE-603
005 20210517203337.0
007 tu
008 161111s2000 xx |||| | u00||u|ger c
035 |a (DE-599)HEB392521385 
040 |a DE-603  |b ger  |c DE-603  |d DE-603 
041 |a ger 
082 0 4 |8 1\u  |a 200.94390902  |q DE-101  |2 23/BSB 
085 |8 1\u  |b 200.9 
085 |8 1\u  |z 1  |s 0902 
085 |8 1\u  |z 2  |s 439 
085 |8 1\u  |z 2  |s 438 
100 1 |a Sroka, Stanisław Andrzej 
245 0 0 |a Polen auf Bischofsstühlen in Ungarn zur Zeit Sigismunds von Luxemburg 
264 0 |c 2000 
500 |a Betr. Piotr Polak, Bischof von Nitra, Mikołaj, Bischof von Siebenbürgen, Scibor von Scibórz, Bischof von Erlau 
773 0 8 |i In  |t ˜Dasœ Zeitalter König Sigmunds in Ungarn und im Deutschen Reich  |d Debrecen : Debrecen Univ. Press, 2000  |h 218 S.  |z 9634724515  |g (2000), Seite 173-180  |w (DE-603)100729169 
924 0 |9 2080  |a (DE-603)788619268  |b DE-2080  |c HES  |d d  |g /